00477nam a22001817a 450000500170000001000130001702000100003003500130004003700160005308200060006910000180007524500380009326000450013127000630017630000210023965000230026065000120028320170829141611.0 aB-280436 c00.00 aB-280436 bCen Lib/Ret aN aSeth, Vikram  aA suitable boy /cby Vikram Seth  aPenguin Books bNew Delhi c2005(repr.)  bNew Delhi a11, Community Centre, Panchsheel Park e110017 a1349p.c23cm(Hb) aIndian Literature  aNovels